00896nam a22002297a 4500003000400000005001700004008004100021020001500062040000900077245016000086260009000246300001100336490001300347650002500360650005200385650004800437700003500485700002400520942001300544999001500557952009400572OSt20131113134824.0130514s2002 sp ||||| |||| 00| 0 d a8495415623 cCDMR aXornalismo en internetb: actitudes profesionais e condicións laborais dos periodistas en liñaccoordinadores, Xosé López, Miguel Túñez López aSantiago de CompostelabConsello da Cultura Galega. Sección de Comunicaciónc2002 a166 p.0 aInformes0493188aPremsa digital0492767aPeriodistesxSituació legal, lleis, etc0494341aMercat de treballzEspanyazGalícia1 93414aLópez García, Xosé1 986aTuñez, Miguel 2udccMON c6227d6227 00104070aCDMRbCDMRd2013-01-16l0oCi 8/15pCDMR13056392r2013-05-14w2013-05-14yMON